000 00211nam a22000857a 4500
008 161024b xxu||||| |||| 00| 0 eng d
100 _9942
_aVerne.J.
245 _a20,000 Leagues Under the Sea
260 _aNewyork
_c1986
999 _c3596
_d3596